Algal cell biology (Record no. 46398)

MARC details
000 -LEADER
fixed length control field 00352nam a2200145Ia 4500
008 - FIXED-LENGTH DATA ELEMENTS--GENERAL INFORMATION
fixed length control field 230917s9999||||xx |||||||||||||| ||und||
040 ## - CATALOGING SOURCE
-- 117905
Original cataloging agency VIVEKANANDA LIBRARY
041 ## - Language
-- English
082 ## - DDC NUMBER
Classification number 589.3 K96A
100 ## - MAIN ENTRY--PERSONAL NAME
Personal name Kumar, H D
245 #0 - TITLE STATEMENT
Title Algal cell biology
260 ## - PUBLICATION, DISTRIBUTION, ETC. (IMPRINT)
Place of publication, distribution, etc New Delhi
Name of publisher, distributor, etc Affiliated East-West Press
Date of publication, distribution, etc 1985
300 ## - PHYSICAL DESCRIPTION
Pages 201 p.
942 ## - ADDED ENTRY ELEMENTS (KOHA)
Koha item type Books
Holdings
Withdrawn status Lost status Damaged status Not for loan Location (home branch) Sublocation or collection (holding branch) Date acquired Koha issues (times borrowed) Koha full call number Accession No. Koha date last seen Koha item type
        VIVEKANANDA LIBRARY VIVEKANANDA LIBRARY 04/09/2008 1 589.3 K96A 113416 28/09/2024 Books
© Designed and Maintained by Vivekananda Library, MDU Rohtak